000 02097nam0a2200409 4500
001 RU\NLR\bibl\245532
005 20260409074844.0
010 _a5-901907-01-09
021 _aRU
_b2001-57077
_92780
035 _a(NLR Aleph) 000241384
090 _a1406868
_c1406868
100 _a20020320d2001 |||y0rusy50 ca
101 0 _arus
102 _aRU
105 _aa |||||||||
200 1 _aГотовность России к информационному обществу
_eОценка возможностей и потребностей широкомасштаб. использования информ.-коммуникац. технологий
_eВерсия 10 июля 2001 г.
_f[Вершинская О.Н. и др.
_gПод ред. Т.В. Ершовой]
210 _aМ.
_cИзд-во Ин-та развития информ. о-ва
_d2001
215 _a99, [14] с.
_cил.
_d29
309 _aНа тит. л. и обл.: Проект "Рос. портал развития"
320 _aБиблиогр. в конце разд.
606 0 _aИнформатизация общества
_yРоссийская Федерация
_92245943
_3RU\NLR\auth\661347411
606 _aINTERNET, глобальная информационная сеть
_xПрименение в экономике
_3RU\NLR\auth\661345567
_92242552
610 0 _aТелекоммуникационные сети
610 0 _aРоссийская Федерация, телекоммуникац. сети
675 _a004
_v3
_zrus
686 _a50
_2rugasnti
686 _a32.81
_2rubbk
686 _aУ39(2)
686 _aУ.в612
701 1 _4070
_8rus
_7ca
_aЧирченко
_bО.Н.
_gОльга Николаевна
_3RU\NLR\auth\7716940
_932
702 1 _4340
_8rus
_7ca
_aЕршова
_bТ. В.
_cспециалист в обл. информац. о-ва
_f1958-
_gТатьяна Викторовна
_3RU\NLR\auth\7740534
_923486
801 0 _aRU
_bRKP
_c20020320
_gPSBO
801 1 _aRU
_bRKP
_c20020320
801 2 _aRU
_bNLR
_c20090324
_grcr
942 _cBOOK
980 _aNB